| 000 | 00680nam a2200241Ia 4500 | ||
|---|---|---|---|
| 001 | 273 | ||
| 005 | 20251226112143.0 | ||
| 008 | 251203t2003||||xx |||||||||||||| ||spa|| | ||
| 020 | _a9972401480 | ||
| 041 | _aESPIN | ||
| 082 |
_a918.5 _bW987 |
||
| 100 |
_aWust, Walter H., _cautor |
||
| 245 | 0 |
_aPerú : _bpaís de mil colores |
|
| 246 | _aPerú : land of a thousand colors | ||
| 250 | _aSegunda edición | ||
| 260 |
_aLima : _bEdiciones Peisa _c2003 |
||
| 300 |
_a199 páginas : _b ilustraciones ; _c 34 cm. |
||
| 650 | _aGEH | ||
| 653 | _aGeografía; Descripción viajes, Perú; Siglo XX | ||
| 654 | _aCTP | ||
| 700 | _aMusselmann, Marie Isabel | ||
| 942 |
_cLIB _dJUS _fMIP _2ddc |
||
| 999 |
_c273 _d273 |
||